Quizzes
Events
Quiz Creation
Community
Videos
Private Events
Remove Ads
Sign In
Join for FREE
Feedback
Dark Mode
Quiz Categories
Sports
Geography
Music
Movies
Television
Just For Fun
Miscellaneous
History
Literature
Language
Science
Gaming
Entertainment
Religion
Holiday
For Kids
Quiz Lab
Recent
Popular Today
Quiz Kudos Today
Editor Picks
Curator Picks
Quizzes by...
Day
Popularity
Type
Ratings
Length
Year
Community
Subscriptions
Recent Discussions
Orange Saloon
Badges
Playlists
Quests
Create
Leaderboards
Showdown
Live 5
Trivia Bingo
Activity
Puzzle Library
Sporcle Events
Private Events
Virtual Trivia
Globe League
Become a Host
Pub Owners
SporcleCon
Opinionation
Our Games
Videos
Blog
Mobile Apps
Partnerships
Remove Ads and Go Orange
Feedback
Music
Pop Music
The Beatles
Song
Album
Lyrics
Bands
Singers
Artist
Clip
Rock
Rap
Classical
Billboard
Country Music
Kpop
Taylor Swift
Music
Pop Music
The Beatles
Song
Album
Lyrics
Bands
Singers
Artist
Clip
Rock
Rap
Classical
Billboard
Country Music
Kpop
Taylor Swift
Random Quiz
Search Sporcle
×
Quiz Lab
Quiz Lab
Music
ballad
Type in answers that appear in a list
Type in answers that appear in a list
Classic
Best Score? Go Orange.
The Ballad of Rocky Raccoon Stats
Can you name the The Story of Rocky Raccoon?
By
crow_t_robot
5m
18 Questions
211 Plays
211 Plays
211 Plays
Comments
Comments
Give Quiz Kudos
Give Quiz Kudos
-
- Ratings
hide this ad
Forced Order
Answers have to be entered in order
Answers have to be entered in order
Replay
Link that replays current quiz
Next Quiz
Link to next quiz in quiz playlist
You Got
0%
They Got
Avg Score
83%
Avg Friend Score
Upgrade to see
Score Distribution
Jump to the score distribution portion of the page
Score
0/18
Timer
05:00
0
Plays Today
Clue
Answer
% Correct
Rocky had come, equipped with a:
gun (to shoot off the legs of his rival)
94.8%
Then one day, his woman ran off with another guy, hit young Rocky in the:
eye
92.4%
Now, the doctor came in, stinking of:
gin
91%
But everyone knew her as:
Nancy
90.5%
Now she and her man, who called himself:
Dan
90.5%
Rocky lived somewhere in the black minin' hills of:
Dakota
90%
Rocky Raccoon checked into his room, only to find:
Gideon's Bible
89.1%
So one day, he walked into town, booked himself a room at the:
local saloon
87.7%
His rival, it seems, had broken his dreams, by:
stealing the girl of his fancy
85.3%
Clue
Answer
% Correct
Now Rocky Raccoon, he checked back in his room, only to find:
Gideon's Bible
83.4%
were in the next room at the:
hoedown
82.5%
He said, 'Rocky, you've met your match', and Rocky said:
'Doc, it's only a scratch, and I'll be better, Doc, as soon as I am able'
81.5%
Her name was:
McGill (but she called herself 'Lil')
80.6%
Rocky didn't like that, he said:
'I'm gonna git that boy'
77.7%
But [previous answer] was hot, he drew first and shot, and Rocky collapsed in the:
corner
76.3%
Rocky burst in, and grinning a grin, he said, '[Previous answer] boy':
'This is a showdown'
75.8%
and proceeded to:
lie on the table
75.4%
[Previous answer] checked out, and he left in no doubt, to help with:
good Rocky's revival
66.4%
Quiz Playlist
Details
Report
Send in Message
Add To Playlist
Classic:
Type in answers that appear in a list
Forced Order:
Answers have to be entered in order
Quiz Source
Last Updated: Feb 16, 2017
Quiz Scoreboard
CHALLENGE
Sign Up to Join the Scoreboard
Show All
Scores
Hide
Comments
May contain spoilers
Recently Published
Billboard Blitz: Fleetwood Mac
by CooCooCachoo
Music
15s
Presidents Visiting Landmarks
by Hejman
History
7m
An Introduction to Baseball
by treessimontrees
Sports
5m
More to Explore
Quiz From the Vault
Featured Blog Post
Where Did the Easter Bunny Come From?
hide this ad
You Might Also Like...
Tags
ballad
Rocky
Story
Today's Top Quizzes in Music
Browse Music
hide this ad
Top Contributed Quizzes in Music
1
Taylor Swift All Songs (2024)
2
Guess the Artist- 70s Songs
3
7-to-1: Billboard Hot 100 #1 Hits of 2010s
4
Sorting Albums and Songs
5
Taylor Swift Logic Puzzle
6
KPOP LOGIC QUIZ
7
2010s Album by Cover III
8
One Thing in Common: Music
9
Guess the Taylor Swift song (Mystery Song)
10
Guess The Taylor Swift Lyrics Song #1
Explore More
Trending Topics
Disney
Harry Potter
Crossword
Anime
Kpop
NBA
Marvel
WWE
Song
Pokémon
NFL
Country
Puzzle
The Office
Soccer
hide this ad
More By:
crow_t_robot
Quiz
Plays
Rating
Category
Featured
Created
Numbers in Music
98,804
4.32
Music
Nov 3, 2009
Numbers in Music II
68,091
4.14
Music
Nov 17, 2009
Arrested Development Tough Trivia
48,854
4.50
Television
Dec 1, 2009
Star Wars in Family Guy
28,013
4.13
Television
Jan 9, 2010
'Carmen Sandiego' Theme
12,431
4.64
Television
Dec 19, 2010
Go to Creator's Profile
Score Distribution
Quiz Creator Spotlight
crow_t_robot
Follow
Send a Message
Quizzes Created
-
Created Quiz Play Count
-
More By This Creator
Popular Quizzes Today
1
Find the US States - No Outlines Minefield
2
Find the Countries of Europe - No Outlines Minefield
3
The Countries of the World
4
Find the US States
5
US States
6
Risky Map Clicking: Biggest States A-Z
7
Popular People in 1961
8
Movies - When Are They Set?
More Music Quizzes
Fiona Apple's Second Album
Published
Trending Quizzes
Risky Map Clicking: Least Populous States A-Z
1-10 Letter G Words
1-10 Letter F Words
Risky Map Clicking: Next State Alphabetically
Risky Map Clicking: Biggest States A-Z
Recently Updated
Leaping Animals
pecheneg
Reality TV Shows (A-Z)
bhenderson79
Rickey Henderson's Hall of Fame Teammates
pecheneg
Champions League XIs: Arsenal
pecheneg
Quick Pick: Celebrities in WWE's Hall of Fame
aduchscher
A-Z Keypad Blitz II
pecheneg
Multiple Oscar Actors
pecheneg
Mystery Phrase Blitz: Oscar 'Best Actors'
pecheneg
F. Scott Fitzgerald Novels
LTH
Pick 3 Villains
ddd62291
Trending Topics
Crossword
NBA
Anime
Kpop
Marvel
Harry Potter
Disney
Soccer
Country
Puzzle
The Office
Pokémon
Song
NFL
WWE
Your Account Isn't Verified!
In order to create a playlist on Sporcle, you need to verify the email address you used during registration. Go to your
Sporcle Settings
to finish the process.
Report this User
Report this user for behavior that violates our
Community Guidelines
.
Details:
Send Report
Go to the Sporcle.com Mobile Site →
Comments